Industrial market structure and economic performance /
This book is about: The welfare economics of competition and monopoly; Industry structure; The determinants of market structure; ...
Na minha lista:
| Autor principal: | |
|---|---|
| Outros Autores: | |
| Formato: | Livro |
| Idioma: | English |
| Publicado em: |
Boston :
Houghton Mifflin,
1990.
|
| Edição: | 3rd ed. |
| Assuntos: | |
| Tags: |
Adicionar Tag
Sem tags, seja o primeiro a adicionar uma tag!
|
| Thư viện lưu trữ: | Mạng thư viện Đại học Đà Nẵng |
|---|
| LEADER | 01204cam a2200397 i 4500 | ||
|---|---|---|---|
| 001 | 000048788 | ||
| 003 | 8514 | ||
| 005 | 20030310151639.0 | ||
| 008 | 010316|1990 vm 000 eng | ||
| 020 | |a 0395357144 | ||
| 040 | |a IRC |c IRC |d IRC | ||
| 041 | 0 | |a eng | |
| 082 | 1 | 4 | |a 338.70973 |b SC-F |
| 100 | 1 | |a Scherer, Frederic M. | |
| 245 | 0 | 0 | |a Industrial market structure and economic performance / |c F. M. Scherer, David Ross. |
| 250 | |a 3rd ed. | ||
| 260 | |a Boston : |b Houghton Mifflin, |c 1990. | ||
| 300 | |a xvi, 713 p. : |b ill. ; |c 23.5cm. | ||
| 520 | 3 | |a This book is about: The welfare economics of competition and monopoly; Industry structure; The determinants of market structure; ... | |
| 630 | 0 | 4 | |a Economics. |
| 630 | 0 | 4 | |a Industrial policy. |
| 630 | 0 | 4 | |a Industrial organization. |
| 630 | 0 | 4 | |a United States. |
| 650 | 0 | 4 | |a Industrial organization (Economic theory) |
| 650 | 0 | 4 | |a Industrial policy |z United States. |
| 700 | 1 | |a Ross, David. | |
| OWN | |a DUT | ||
| 999 | |a From the UDN01 | ||
| TYP | |a Monograph | ||
| TYP | |a Printed language | ||
| 980 | |a Mạng thư viện Đại học Đà Nẵng | ||


